000 00413nam a2200181Ia 4500
001 17352
005 20260306171511.0
008 260306s9999||||xx |||||||||||||| ||und||
041 _aESP
082 _a657.73
_bO73 T. 1
100 _aOrtega Salavarría, Rosa
_eAUT
245 0 _aActivo inmovilizado
260 _c2012
300 _a
_c25 cm.
650 _aGEN
654 _aCCO
942 _cLIB
_dJUS
_fJUS
_2ddc
_n
999 _c17352
_d17352